|
|
|
|
| LEADER |
01129nam a2200301 a 4500 |
| 001 |
c000181683 |
| 003 |
CARM |
| 005 |
20050321093756.0 |
| 008 |
920508s1992 vra 000 0 eng d |
| 019 |
1 |
|
|a 8990494
|5 LACONCORD2021
|
| 020 |
|
|
|a 0949833789
|
| 035 |
|
|
|a (OCoLC)154170158
|5 LACONCORD2021
|
| 040 |
|
|
|a WU
|b eng
|c WU
|d VLU
|
| 042 |
|
|
|a anuc
|
| 043 |
|
|
|a a-th---
|
| 082 |
0 |
4 |
|a 331.8809593
|2 20
|
| 100 |
1 |
|
|a Sheehan, Brian.
|
| 245 |
1 |
0 |
|a Labour unions in Thailand /
|c by Brian Sheehan and Narong Petrasert.
|
| 260 |
|
|
|a Coburg, Vic. :
|b Phillip Institute of Technology, School of Business,
|c 1992.
|
| 300 |
|
|
|a 21 leaves.
|
| 490 |
1 |
|
|a Occasional paper ;
|v no. 26
|
| 650 |
|
0 |
|a Labor unions
|z Thailand.
|
| 650 |
|
0 |
|a Industrial relations
|z Thailand.
|
| 700 |
1 |
|
|a Petprasert, Narong.
|
| 830 |
|
0 |
|a Occasional paper (Phillip Institute of Technology. School of Business) ;
|v no. 26.
|
| 852 |
8 |
|
|b CARM
|h A1:AR02C0
|i D07962
|p 0248828
|f BK
|
| 999 |
f |
f |
|i 70606069-f806-5c21-932e-651c21e7f18b
|s 4301eeb3-6265-5c8b-9d22-14317860b8f9
|
| 952 |
f |
f |
|p Can circulate
|a CAVAL
|b CAVAL
|c CAVAL
|d CARM 1 Store
|e D07962
|f A1:AR02C0
|h Other scheme
|i book
|m 0248828
|